Contabilidad básica (Registro nro. 614)
[ vista simple ]
| 000 -LEADER | |
|---|---|
| fixed length control field | 01349 a2200241 4500 |
| 001 - CONTROL NUMBER | |
| control field | 14874 |
| 005 - DATE AND TIME OF LATEST TRANSACTION | |
| control field | 20260407155448.0 |
| 008 - FIXED-LENGTH DATA ELEMENTS--GENERAL INFORMATION | |
| fixed length control field | 260407a2011 arg spa d |
| 003 - CONTROL NUMBER IDENTIFIER | |
| control field | AR-UNSa-BCEJYS |
| 040 ## - CATALOGING SOURCE | |
| Original cataloging agency | AR-UNSa-BCEJYS |
| Language of cataloging | spa |
| Transcribing agency | AR-UNSa-BCEJYS |
| 080 ## - UNIVERSAL DECIMAL CLASSIFICATION NUMBER | |
| Universal Decimal Classification number | 657 |
| Common auxiliary subdivision | Contabilidad |
| 020 ## - INTERNATIONAL STANDARD BOOK NUMBER | |
| International Standard Book Number | 978-987-03-1895-8 |
| 041 ## - LANGUAGE CODE | |
| Language code of text/sound track or separate title | spa |
| 100 1# - MAIN ENTRY--PERSONAL NAME | |
| Personal name | Fowler Newton, Enrique |
| 245 10 - TITLE STATEMENT | |
| Title | Contabilidad básica |
| 250 ## - EDITION STATEMENT | |
| Edition statement | 5a. ed. |
| 264 #1 - PRODUCTION, PUBLICATION, DISTRIBUTION, MANUFACTURE, AND COPYRIGHT NOTICE | |
| Place of production, publication, distribution, manufacture | Buenos Aires : |
| Name of producer, publisher, distributor, manufacturer | La Ley |
| Date of production, publication, distribution, manufacture, or copyright notice | 2011 |
| 300 ## - PHYSICAL DESCRIPTION | |
| Extent | xlvii, 772 p. |
| Dimensions | 24 cm. |
| 505 ## - FORMATTED CONTENTS NOTE | |
| Formatted contents note | 1. Contabilidad,informes contables y normas contables - 2. Objetos de reconocimiento y medición contable - 3. La moneda de medición - 4. Reconocimiento y baja contable - 5. Medición contable - 6. Procesamiento contable - 7. El método de la partida doble - 8. Financiación de las actividades - 9. Compras - 10. Pasivos diversos - 11. Consumos, depreciaciones y producción - 12. Ventas y cuestiones conexas - 13. Cuentas por cobrar en moneda - 14. Movimientos de efectivo - 15. Activos no monetarios: medición periódica y baja - 16. Ajuste por inflación 17. Tareas contables de cierre - 18. Preparación de informes<br/> |
| 590 ## - LOCAL NOTE (RLIN) | |
| Local note | niveau_biblio:m niveau_hierar:0 |
| 856 41 - ELECTRONIC LOCATION AND ACCESS | |
| Uniform Resource Identifier | <a href="https://biblioeco.unsa.edu.ar/pmb/images/libros/Contabilidad%20B%C3%A1sica%285a%20ed%29.jpg">https://biblioeco.unsa.edu.ar/pmb/images/libros/Contabilidad%20B%C3%A1sica%285a%20ed%29.jpg</a> |
| Link text | Imagen de portada |
| Electronic format type | image/jpeg |
| 942 ## - ADDED ENTRY ELEMENTS (KOHA) | |
| Koha item type | |
| Withdrawn status | Lost status | Damaged status | Not for loan | Home library | Current library | Shelving location | Date acquired | Total checkouts | Full call number | Barcode | Date last seen | Price effective from | Koha item type | Public note |
|---|---|---|---|---|---|---|---|---|---|---|---|---|---|---|
| Biblioteca Prof. Eusebio Cleto del Rey | Biblioteca Prof. Eusebio Cleto del Rey | 07/04/2026 | 657 F785b 5ed. | L119029 | 07/04/2026 | 07/04/2026 | Libro | 1RAS HOJAS C/ CINTA - CANTO UN POCO SUCIO | ||||||
| Biblioteca Prof. Eusebio Cleto del Rey | Biblioteca Prof. Eusebio Cleto del Rey | 07/04/2026 | 657 F785b 5ed. | L125526 | 07/04/2026 | 07/04/2026 | Libro | HOJAS MANCHADAS - CANTO MANCHADO - 1RAS Y ÚLTIMAS HOJAS HÚMEDAS | ||||||
| Biblioteca Prof. Eusebio Cleto del Rey | Biblioteca Prof. Eusebio Cleto del Rey | 07/04/2026 | 657 F785b 5ed. | L125528 | 07/04/2026 | 07/04/2026 | Libro | DESDE INICIO A PÁG 15 Y DESDE PÁG 747 A FINAL HÚMEDAS - HÚMEDO EN ESQUINA SUPERIOR - HOJAS UN POCO MANCHADAS DESDE PÁG 72 A 88 | ||||||
| Biblioteca Prof. Eusebio Cleto del Rey | Biblioteca Prof. Eusebio Cleto del Rey | 07/04/2026 | 657 F785b 5ed. | L125527 | 07/04/2026 | 07/04/2026 | Libro | ÚLTIMA HOJA ARRUGADA - PARTIDO PÁG. 481 - HOJAS SEMISUELTAS PÁG. 281-306 / 477-487 - 1° SEMISUELTA | ||||||
| Biblioteca Prof. Eusebio Cleto del Rey | Biblioteca Prof. Eusebio Cleto del Rey | 07/04/2026 | 657 F785b 5ed. | L87338 | 07/04/2026 | 07/04/2026 | Libro | PÁG. 173 RAYADA C/ LAPICERA - CANTO UN POCO SUCIO | ||||||
| Biblioteca Prof. Eusebio Cleto del Rey | Biblioteca Prof. Eusebio Cleto del Rey | 07/04/2026 | 657 F785b 5ed. | L127668 | 07/04/2026 | 07/04/2026 | Libro | PÁG. 16 C/ CINTA - CANTO MANCHADO C/ ROJO PAG. 555 A 566 |